000 01809cam a22004337a 4500
003 CHAP
005 20220817043137.0
008 971013s1978 it r 00010 en d
010 _a66730
011 _a67702
020 _a9251011729
035 _a77173
040 _cCHAP
082 _a631.4
_bF33 v.1
110 _aFAO
245 1 0 _aReport on the agroecological zones project
_c/por FAO
260 _aRome :
_bFAO,
_c1978
300 _a4 v.
490 0 _aFAO. Informes sobre recursos mundiales de suelos
_v; 48
500 _aLa biblioteca tiene : v.1 Methodology and results for Africa -- v.2 Results for south west Asia -- v.4 Results for southeast Asia
590 _aBATCH-UPD
_b10
_c20130110
_lUCH01
_h1431
590 _aBATCH-UPD
_b10
_c20130410
_lUCH01
_h0908
590 _aBATCH-UPD
_b10
_c20130914
_lUCH01
_h1126
590 _aCONVERSION
_b10
_c20130109
_lUCH01
_h1337
650 1 4 _aCultivos y clima.
_930392
650 1 4 _aCultivos, zonas de.
_930397
650 1 4 _aSuelos
_xClasificación.
_9110239
650 1 4 _aTierras
_xAprovechamiento.
_9113069
650 1 4 _aTierras
_xEvaluación.
_9113113
830 0 _aFAO. Informes sobre recursos mundiales de suelos
_v; 48
_939597
901 _aBK
942 _cLIBRO
949 _a631.4 F33
_bBC
_cFAO
_d33724002176124
_eFAO2
_fv.4 c.3
_gI.139881
_h78293
_i77173
_st
_t11.84
949 _a631.4 F33
_bBC
_cFAO
_d33724002176165
_eFAO1
_fv.4
_gI.139881
_h72519
_i77173
_si
_t11.84
949 _a631.4 F33
_bBC
_cFAO
_d33724002176248
_eFAO2
_fv.2 c.2
_gI.139880
_h78292
_i77173
_sb
_t11.84
949 _a631.4 F33
_bBC
_cFAO
_d33724002176280
_eFAO1
_fv.2
_gI.139880
_h72518
_i77173
_si
_t11.84
949 _a631.4 F33
_bBC
_cFAO
_d33724002176322
_eFAO2
_fv.1 c.2
_gI.139879
_h78219
_i77173
_sb
_t11.84
949 _a631.4 F33
_bBC
_cFAO
_d33724002176363
_eFAO1
_fv.1
_gI.139879
_h72517
_i77173
_si
_t11.84
999 _c66730
_d66730